| 000 | 01365nam0a2200385 4500 | ||
|---|---|---|---|
| 001 | RU\NLR\bibl\1793093 | ||
| 005 | 20250616143702.0 | ||
| 010 |
_a978-5-366-001522-6 _96000 |
||
| 021 |
_aRU _b2011-49508 _93530 |
||
| 035 | _a(nilc)RSL-KNO-004967330 | ||
| 035 | _a(nilc)RSL-KNO-003111906 | ||
| 035 | _a(LIBNET)RU\NLR\bibl\1090724 | ||
| 035 | _a(NLR Aleph) 001783784 | ||
| 090 |
_a1714202 _c1714202 |
||
| 100 | _a20070418d2011 |||y0rusy50 ca | ||
| 101 | 1 |
_arus _ceng |
|
| 102 | _aRU | ||
| 105 | _aa ||||||||| | ||
| 200 | 1 |
_aРозы _eоколо 100 лучших видов и сортов _e[перевод с английского] _fФилип Харкнесс _g[авт. проекта Джемма Уилсон] |
|
| 210 |
_aМосква _cНиола-Пресс _d2011 |
||
| 215 |
_a140, [3] с. _cцв. ил. _d25 |
||
| 321 | 0 | _aПредм. указ.: с. 140-141 | |
| 606 | 1 |
_aРозы _xСорта _91567092 _3RU\NLR\auth\66986063 |
|
| 606 | 1 |
_aРозы _xКультура _91566663 _3RU\NLR\auth\66985884 |
|
| 686 |
_aП278.86я26 _2rubbk |
||
| 686 | _aП275.9-36 | ||
| 686 | _aП275.9розы-4 | ||
| 700 | 1 |
_aХаркнесс _bФ. _gФилипп _4070 |
|
| 801 | 0 |
_aRU _bРКП _c20070418 _grcr |
|
| 801 | 1 |
_aRU _bРГБ _c20070418 |
|
| 801 | 1 |
_aRU _bNLR _c20070418 |
|
| 801 | 2 |
_aRU _bNLR _c20110729 _grcr |
|
| 942 | _cBOOK | ||
| 980 | _aNB | ||